000 00775cab a2200241 4500
001 ABS43308
008 090401t1990 xxu||||| |||| 00| 0 eng d
035 _a(Sirsi) u41296
041 _aeng
100 _aParker, D.
245 _aPlumbing the depths of construction
260 _c1990
350 _a0
490 _aNew Builder
_v(50) 13 September 1990, 22-23(2)
520 _aReports on the threat to foundations posed by the rising water table and looks at revisions to the old CP102 (1973), Protection against water from the ground, reissued as BS 8102 .
650 _aBASEMENTS
650 _aGROUND WATER
650 _aWATER PENETRATION
650 _aWATERPROOFING
690 _aBUILT ENVIRONMENT-CONSTRUCTION DESIGN
942 _n0
948 _c04/03/1997
999 _c26539
_d26539